MARC details
| 000 -LEADER |
| campo de control de longitud fija |
03465nam a22004097i 4500 |
| 001 - NÚMERO DE CONTROL |
| campo de control |
193408 |
| 003 - IDENTIFICADOR DE NÚMERO DE CONTROL |
| campo de control |
ES-MaACL |
| 005 - FECHA Y HORA DE LA ÚLTIMA TRANSACCIÓN |
| campo de control |
20251219063022.0 |
| 007 - CAMPO FIJO DE DESCRIPCIÓN FÍSICA--INFORMACIÓN GENERAL |
| campo de control de longitud fija |
ta |
| 008 - DATOS DE LONGITUD FIJA--INFORMACIÓN GENERAL |
| campo de control de longitud fija |
231121s2023 sp a|||| |||| 001 0 spa d |
| 017 ## - NÚMERO DE COPYRIGHT O DE DEPÓSITO LEGAL |
| Número de copyright o de depósito legal |
AL 1556-2023 |
| Agencia que asigna |
Oficina Depósito Legal Almería |
| 020 ## - NÚMERO INTERNACIONAL ESTÁNDAR DEL LIBRO |
| Número Internacional Estándar del Libro |
978-84-1189-224-7 |
| 040 ## - FUENTE DE CATALOGACIÓN |
| Lengua de catalogación |
spa |
| Centro/agencia transcriptor |
ES-MaACL |
| Centro catalogador/agencia de origen |
ES-MaACL |
| Normas de descripción |
rda |
| 080 ## - NÚMERO DE LA CLASIFICACIÓN DECIMAL UNIVERSAL |
| Número de la Clasificación Decimal Universal |
94(460)"1833/40" |
| 080 ## - NÚMERO DE LA CLASIFICACIÓN DECIMAL UNIVERSAL |
| Número de la Clasificación Decimal Universal |
94(460.226)"18" |
| 100 1# - ENTRADA PRINCIPAL--NOMBRE DE PERSONA |
| Nombre de persona |
Garris Mozota, Jorge, |
| Fechas asociadas al nombre |
1968- |
| Término indicativo de función/relación |
Autor |
| 9 (RLIN) |
176477 |
| 245 10 - MENCIÓN DEL TÍTULO |
| Título |
Guerras carlistas en Teruel y el Maestrazgo : |
| Resto del título |
Montalbán y su castillo / |
| Mención de responsabilidad, etc. |
Jorge Garris Mozota |
| 250 ## - MENCION DE EDICION |
| Mención de edición |
Primera edición, julio 2023 |
| 264 #1 - PRODUCCIÓN, PUBLICACIÓN, DISTRIBUCIÓN, FABRICACIÓN Y COPYRIGHT |
| Producción, publicación, distribución, fabricación y copyright |
[Almería] : |
| Nombre del de productor, editor, distribuidor, fabricante |
Círculo Rojo, |
| Fecha de producción, publicación, distribución, fabricación o copyright |
[2023] |
| 300 ## - DESCRIPCIÓN FÍSICA |
| Extensión |
102 páginas : |
| Otras características físicas |
ilustraciones (blanco y negro y color) ; |
| Dimensiones |
21 cm |
| 336 ## - TIPO DE CONTENIDO |
| Fuente |
rdacontent |
| Término de tipo de contenido |
Texto |
| 337 ## - TIPO DE MEDIO |
| Fuente |
rdamedia |
| Nombre/término del tipo de medio |
sin mediación |
| 338 ## - TIPO DE SOPORTE |
| Fuente |
rdacarrier |
| Nombre/término del tipo de soporte |
volumen |
| 500 ## - NOTA GENERAL |
| Nota general |
Ejemplar firmado y dedicado por el autor |
| 504 ## - NOTA DE BIBLIOGRAFÍA, ETC. |
| Nota de bibliografía, etc. |
Bibliografía: páginas 83-86. Índice |
| 520 ## - RESUMEN, ETC. |
| Sumario, etc. |
Este es un libro que, a pesar de su poca extensión, ofrece una gran densidad de datos e informaciones acerca de la Primera Guerra Carlista en los frentes de Teruel y el Maestrazgo, en general, y en la actual comarca de Cuencas Mineras, en particular. Tras explicar detalladamente las razones por las que se produjo esa guerra y cómo afectó a toda el área geográfica y a sus habitantes, se describen y analizan las principales acciones y combates, al igual que los mandos del bando carlista y del cristino que participaron con sus diferentes unidades: Cabrera, Llagostera, Balmaseda, von Rahden, el «malos ajos», Espartero, Serrano, Van Halen y la montalbina Mariana Cirugeda, como principales protagonistas de aquellas. También se dedica un epígrafe a los sucesivos ataques contra Montalbán hasta lograr la práctica destrucción de la villa y los que se produjeron contra el castillo-convento de origen medieval que, en aquellos años se ubicaba en la altura cercana a la iglesia de Santiago el Mayor, y que juntos formaban un formidable complejo defensivo. En el libro, tras la consulta de documentos y análisis tácticos sobre el terreno, se aclaran hechos como la destrucción de dicho castillo-convento y del hospital, que hasta la publicación del mismo habían tenido unas explicaciones poco convincentes. De igual modo, las acciones en Segura de Baños, con la destrucción de su castillo, las de Utrillas, y las de Hoz de la Vieja, se presentan al lector con los detalles necesarios. En definitiva, un libro que se complementa con interesantes imágenes, planos y mapas originales, que servirá para conocer lo acontecido en estas tierras, testigos mudos a lo largo de los siglos. |
| 651 #4 - PUNTO DE ACCESO ADICIONAL DE MATERIA--NOMBRE GEOGRÁFICO |
| 9 (RLIN) |
8250 |
| Nombre geográfico |
España- |
| Subdivisión general |
Historia- |
| Subdivisión cronológica |
1833-1840, Guerra carlista |
| 651 #4 - PUNTO DE ACCESO ADICIONAL DE MATERIA--NOMBRE GEOGRÁFICO |
| 9 (RLIN) |
191773 |
| Nombre geográfico |
Teruel (Provincia)- |
| Subdivisión general |
Historia |
| 852 ## - LOCALIZACIÓN |
| Ubicación |
ES-MaACL |
| Sublocalización o colección |
R. 154772 |
| Ubicación en estantería |
Depósito J |
| Número de control de estantería |
N-9560 |
| itemnumber |
200864 |
| Anotaciones manuscritas |
Dedicatoria autógrafa del autor |
| Donativo/Legado |
Donación: Jorge Garris Mozota |
| Encuadernación |
Encuadernación rústica con solapas |
| 852 ## - LOCALIZACIÓN |
| Ubicación |
ES-MaACL |
| Ubicación en estantería |
Depósito 1 |
| Número de control de estantería |
A-15879 |
| Anotaciones manuscritas |
Dedicatoria autógrafa del autor |
| itemnumber |
206894 |
| Donativo/Legado |
Donación: Jorge Garris Mozota |
| Encuadernación |
Encuadernación rústica con solapas |
| 903 ## - NOMBRE PERSONAL DE DONANTE |
| a |
Garris Mozota, Jorge, |
| d |
1968- |
| e |
Donante |
| 9 |
176477 |
| 942 ## - ELEMENTOS DE ENTRADA SECUNDARIOS (KOHA) |
| Suprimir en OPAC |
No |
| Tipo de ítem Koha |
Libro impreso |